| 000 | 00535nam a22001695i 4500 | ||
|---|---|---|---|
| 001 | 54462 | ||
| 003 | ES-MaACL | ||
| 007 | t| | ||
| 008 | 960724s1889 fr ||||1| fre d | ||
| 040 |
_aCAM _bspa _cCAM |
||
| 100 | 1 |
_aFouillée, Alfred, _d1838-1912 _951939 |
|
| 245 | 1 | 2 |
_aL'avenir de la métaphysique fondée sur l'expérience / _cpar Alfred Fouillée. |
| 260 |
_aParis : _bFélix Alcan, _c1889 ( _fimp. E. Capiomont et Cie.) |
||
| 300 |
_a[16], 304 p. ; _c22 cm. |
||
| 852 |
_aES-MaACL _jB-6388 |
||
| 999 |
_c54462 _d54462 |
||